| 000 | 00955 a2200229 4500 | ||
|---|---|---|---|
| 010 | _aENG-85704 | ||
| 020 |
_c270.00 _a8178122189 |
||
| 035 | _aEN-69237 | ||
| 037 | _bD.B.Act / Pub | ||
| 082 | 1 | 4 | _a910 |
| 090 |
_c3331 _d3331 |
||
| 100 | 1 | _aLal, Indra Kumar | |
| 245 | 1 |
_aR. Gupta's popular master guide U.G.C. junior research fellowship and lectureship exam NET /SLET Geograpgy, paper II and III _cby Indra Kumar Lal and Naseeruddin Khan; edited and compiled by Arvind Mohan Dwivedi |
|
| 260 |
_aNew Delhi _bRamesh Publishing House _c2008 |
||
| 270 |
_a12-H, New Darya Ganj Road, Opp. Traffic Kotwali _bNew Delhi _cDelhi : _e110002 _k23261647 _l23275124 _minfo@rameshpublishinghouse.com |
||
| 300 |
_axii, 503 p. _c23 cm (pbk) |
||
| 650 | _aGeography | ||
| 700 | _aKhan, Naseeruddin | ||
| 700 | _aDwivedi, Arvind Mohan | ||
| 942 |
_adpl _cEN _k910 / LAL |
||
| 999 |
_c3266 _d3266 |
||